Estrategias de Mercadotecnia en Internet
Salvato in:
| Autore principale: | |
|---|---|
| Natura: | Libro |
| Lingua: | spagnolo |
| Pubblicazione: |
Ciudad de México
Prentice Hall Hispanoamericana S. A
1996
|
| Edizione: | 1a. ed |
| Soggetti: | |
| Tags: |
Aggiungi Tag
Nessun Tag, puoi essere il primo ad aggiungerne!!
|
MARC
| LEADER | 00000cam a2200000 a 4500 | ||
|---|---|---|---|
| 001 | UCD5833 | ||
| 003 | CL-VaPUC | ||
| 008 | 161028e19960000mx |||||||||||||||||spa|d | ||
| 020 | |a 9688808288 | ||
| 082 | 0 | 4 | |a 384.31 |b VAS |2 21 |
| 100 | 0 | |a Vassos, Tom |e author |9 589632 | |
| 245 | 1 | 0 | |a Estrategias de Mercadotecnia en Internet |
| 250 | |a 1a. ed | ||
| 300 | |a 326 p | ||
| 942 | |c BK | ||
| 945 | |d 20161028 10:18:00 |a dcastane | ||
| 260 | |a Ciudad de México |b Prentice Hall Hispanoamericana S. A |c 1996 | ||
| 650 | 0 | |a Marketing |9 259324 | |
| 650 | 0 | |a Comercio electrónico |9 428366 | |
| 583 | |a last modification |c 20161028 10:18:00 |k Rodrigo Vera | ||
| 999 | |c 366382 |d 366380 | ||